Movies Quiz

Random Movies or Clickable Quiz
Score 0/50 Timer 09:00
1 Play Today
% Correct
Harry Potter
93.1%
Indiana Jones
92.5%
Edward
92.1%
Lara Croft
91.7%
Max
91.7%
Ocean
91.6%
Bourne
91%
Forrest Gump
90.6%
Benjamin Button
90.4%
Bill
90.3%
Will Hunting
89.5%
Bruce
89.5%
Doubtfire
89.4%
Django
89.2%
Thor
89.2%
Charlotte
89%
Ferris Bueller
88.9%
Austin Powers
88.1%
Truman
87.3%
Ryan
87.1%
Strange
87%
Shaun
86.5%
Sherlock Holmes
86%
Bean
85.4%
Mary
84.6%
% Correct
Gilbert Grape
84.2%
Khan
83.6%
Erin Brockovich
83.4%
Scott Pilgrim
82.7%
Jerry Maguire
82.7%
Robin Hood
82.5%
Ripley
82.5%
John Wick
82.1%
Alice
80.4%
Alice
80.3%
Baby
80.1%
Polly
79.7%
Donnie Darko
78.8%
Buck
78.1%
Carrie
76.1%
Logan
75.9%
Tad Hamilton
73%
Steve Zissou
73%
Juno
72.9%
Kevin
66.4%
Chucky
64.7%
Simon
64%
Lars
58.6%
Joy
55.7%
Carol
53.5%
Remove Ads.
Support Sporcle.
Get the best of Sporcle when you Go Orange. This ad-free experience offers more features, more stats, and more fun while also helping to support Sporcle. Thank you for becoming a member.

You're not logged in!

Compare scores with friends on all Sporcle quizzes.
OR
Log In

Show Comments

Extras

Top Quizzes Today


Score Distribution

Your Account Isn't Verified!

In order to create a playlist on Sporcle, you need to verify the email address you used during registration. Go to your Sporcle Settings to finish the process.

Report this User

Report this user for behavior that violates our Community Guidelines.

Details: